[Event "Rimouski op"]
[Site "Rimouski"]
[Date "2003.05.17"]
[Round "2"]
[White "Sauve, Richard"]
[Black "Laroche, Claude"]
[Result "0-1"]
[WhiteElo "2047"]
[BlackElo "1582"]
[PlyCount "68"]
[EventDate "2003.05.??"]
[EventType "swiss"]
[EventRounds "5"]
[EventCountry "CAN"]
[SourceTitle "EXT 2006"]
[Source "ChessBase"]
[SourceDate "2005.11.24"]
[SourceVersion "1"]
[SourceVersionDate "2005.11.24"]
[SourceQuality "1"]

1. d4 Nf6 2. c4 c5 3. d5 g6 4. Nc3 Bg7 5. e4 d6 6. f4 0-0 7. Be2 a6 8. a4 Ne8 9. Nf3 Bg4 10. 0-0 Nd7 11. Be3 Qc8 12. h3 Bxf3 13. Bxf3 Nef6 14. Qd2 Kh8 15. Rae1 Ng8 16. Kh1 Qc7 17. Bf2 Rae8 18. g4 e6 19. dxe6 fxe6 20. Bg3 Ne7 21. Rd1 Nb6 22. b3 Nc6 23. Ne2 Rd8 24. g5 Qe7 25. h4 e5 26. Kg2 Nd4 27. Nxd4 cxd4 28. Rde1 Nd7 29. Bd1 exf4 30. Rxf4 Rxf4 31. Bxf4 Ne5 32. Rf1 Nc6 33. Bf3 Rf8 34. Kg3 Rxf4 0-1

[Event "Quebec-ch Intercoll"]
[Site "Sainte Foy"]
[Date "1983.04.02"]
[Round "3"]
[White "Laroche, Claude"]
[Black "Landry, Sylvain"]
[Result "1-0"]
[WhiteElo "1462"]
[BlackElo "1678"]
[PlyCount "83"]
[EventDate "1983.04.01"]
[EventType "swiss"]
[EventRounds "6"]
[EventCountry "CAN"]
[SourceTitle "EXT 2022"]
[Source "ChessBase"]
[SourceDate "2021.10.06"]
[SourceVersion "1"]
[SourceVersionDate "2021.10.06"]
[SourceQuality "1"]

1. Nf3 Nf6 2. b3 g6 3. Bb2 Bg7 4. c4 0-0 5. Nc3 d6 6. d4 Nbd7 7. e3 c5 8. Be2 a6 9. 0-0 Qc7 10. Qc2 e6 11. Rfd1 b6 12. Rd2 Bb7 13. Rad1 Rfd8 14. e4 Bh6 15. Rd3 Nxe4 16. d5 Nxc3 17. Qxc3 e5 18. h4 Nf6 19. Ng5 Bxg5 20. hxg5 Ne4 21. Qc1 Qe7 22. f4 Bc8 23. Bf3 Bf5 24. g4 exf4 25. Qxf4 Nxg5 26. Re3 Nh3+ 27. Kh2 Nxf4 28. Rxe7 Bc2 29. Rd2 Bb1 30. Bf6 Re8 31. Kg3 Nd3 32. Be4 Rxe7 33. Bxe7 Re8 34. Bxd3 Bxd3 35. Bxd6 Bb1 36. Bc7 b5 37. d6 Ra8 38. d7 Kf8 39. d8Q+ Rxd8 40. Rxd8+ Ke7 41. Rd2 bxc4 42. bxc4 1-0